00555 2200217 4500001002100000005001500021008004100036020002200077035002000099082001100119084001700130100003400147245004600181250001000227260003900237300002100276990001000297990001000307990001000317990001000327INLIS00000000001108820180416103024180416| ||| | d a978-979-15920-1-7 a0010-04180003000 a921.12 a921.12 AHM m0 aAhmad Nashih LutfiePengarang10aManusia Ulang Alik :bBiografi Umar Kayam aCet 1 aYogyakarta :bEja Publisher,c2007 a186 hlm ;c21 cm a24426 a24529 a24530 a12751